Score 0/24 Timer 02:00
0 Plays Today
Full Name Missing Name % Correct
Darth _____Vader
93.6%
_____ van GoghVincent
92.6%
The _____ MaryVirgin
92.2%
Ace _____Ventura
91.5%
_____ WilliamsVenus
87.1%
My Cousin _____Vinny
82.9%
Dick _____Van Dyke
75.9%
_____ MarsVeronica
70.8%
Martin _____Van Buren
69.6%
_____ RedgraveVanessa
66.6%
Luther _____Vandross
65.3%
Pancho _____Villa
59%
Full Name Missing Name % Correct
Saint _____Valentine
57%
_____ FrankensteinVictor
56.8%
_____ BeauregardViolet
54.7%
Gore _____Vidal
53.4%
Gianni _____Versace
51.8%
Amerigo _____Vespucci
51%
Rudolph _____Valentino
49.7%
Ritchie _____Valens
49.6%
_____ VanceVivian
37.8%
Cornelius _____Vanderbilt
37.4%
Ben _____Vereen
30.3%
Chris _____Van Allsburg
5.7%

Today's Daily Dose

Remove Ads.
Support Sporcle.
Get the best of Sporcle when you Go Orange. This ad-free experience offers more features, more stats, and more fun while also helping to support Sporcle. Thank you for becoming a member.

You're not logged in!

Compare scores with friends on all Sporcle quizzes.
OR
Log In

Show Comments

Extras

Top Quizzes Today


Score Distribution

Your Account Isn't Verified!

In order to create a playlist on Sporcle, you need to verify the email address you used during registration. Go to your Sporcle Settings to finish the process.

Report this User

Report this user for behavior that violates our Community Guidelines.

Details: